|
|
|
|
| LEADER |
00584cam a2200193 7i4500 |
| 001 |
0000024780 |
| 005 |
20100715090000.0 |
| 020 |
0 |
0 |
|a 978-0-470-39240-9
|
| 090 |
0 |
0 |
|a B 658.4
|b RUD
|
| 100 |
1 |
0 |
|a Rud
|
| 245 |
1 |
0 |
|a Business intelligence success factors :
|b tools for aligning your business in the global economy.
|
| 260 |
0 |
0 |
|a New Jersey:
|b John Wiley & Sons,
|c 2009.
|
| 300 |
# |
# |
|a 283 p.
|
| 650 |
0 |
0 |
|a Globalization
|
| 650 |
0 |
0 |
|a Leadership
|
| 650 |
0 |
0 |
|a Business intelligence
|
| 650 |
0 |
0 |
|a Innovation
|
| 650 |
0 |
0 |
|a Communications
|
| 999 |
|
|
|a B000027469
|b Book
|c Book
|e Business Information Centre
|